| 000 | 00548nam a2200205 a 4500 | ||
|---|---|---|---|
| 001 | 54056 | ||
| 003 | BD-RJUL | ||
| 005 | 20211209080051.0 | ||
| 008 | 500101m19399999xx 000 0 eng d | ||
| 035 | _a(BD-RJUL)54178 | ||
| 040 |
_aEQO _cEQO _beng _dBD-RJUL |
||
| 041 | _aeng | ||
| 082 |
_223 _a822 _bBLC 1939 |
||
| 100 |
_aBlyton, Enid _9161386 |
||
| 245 | 1 | 0 |
_aCameo plays : _b book 4 / _cEnid Blyton |
| 260 |
_aLondon : _bE.J. Arnold & Son, _c1939 |
||
| 300 |
_a64 p; _c18 cm. |
||
| 650 |
_aChildren's plays, English. _9161387 |
||
| 942 |
_2ddc _cBK |
||
| 999 |
_c54056 _d54056 |
||